Statistics for Lord Byron Bibliography

Click here to take the quiz!

General Stats

  • This quiz has been taken 7 times
  • The average score is 3 of 110

Answer Stats

TypeYearName% Correct
Poem1819-1824Don Juan
50%
Poem1818Childe Harold's Pilgrimage
33%
Poem1814She Walks in Beauty
33%
Poem1809English Bards and Scotch Reviewers
17%
Poetry Collection1815Hebrew Melodies
17%
Poetry Collection1807Hours of Idleness
17%
Writings Collection1830Letters and Journals, Vol. 1
17%
Writings Collection1830Letters and Journals, Vol. 2
17%
Poem1817Manfred: A Dramatic Poem
17%
Poem1816Prometheus
17%
Poem1817So We'll Go No More a Roving
17%
Poem1815The Destruction of Sennacherib
17%
Poem1817When We Two Parted
17%
Poem1807Adrian's Address to His Soul, When Dying
0%
Poem1807A Fragment
0%
Poem1812And Thou Art Dead
0%
Poem1807An Occasional Prologue
0%
Poem1815A Spirit Pass'd Before Me
0%
Poem1818Beppo: A Venetian Story
0%
Poem1815Bright Be the Place of My Soul
0%
Poem1815Bright Be the Place of They Soul
0%
Play1821Cain
0%
Poem1807Damætas
0%
Poem1830sDon Leon
0%
Poem1807Elegy on Newstead Abbey
0%
Poem1807Episode of Nisus and Euryalus
0%
Poem1807Epitaph on a Friend
0%
Poem1815Fame, Wisdom, Love, and Power Were Mine
0%
Poem1816Fare Thee Well
0%
Poem1807Fragments of School Exercises
0%
Poem1815Francisca
0%
Poem1815From the Last Hill That Looks on Thy Once Holy Dome
0%
Poem1807Granta, a Medley
0%
Poem1815Herod's Lament for Mariamne
0%
Poem1815If That High World
0%
Poem1807Imitated from Catullus
0%
Poem1815In the Valley of Waters
0%
Poem1815I Saw Thee Weep
0%
Poem1815I Speak Not - I Trace Not - I Breathe Not
0%
Poem1815It Is the Hour
0%
Poem1815Jephtha's Daughter
0%
Poem1807Lachin y Gair
0%
Poem1814Lara, A Tale
0%
Poem1807Lines Written Beneath an Elm in the Churchyard of Harrow on the Hill
0%
Poem1810Maid of Athens, Ere We Part
0%
Poem1820Marino Faliero, Doge of Venice
0%
Poem1819Mazeppa
0%
Poem1816Monody Is the Death of the Right Hon. R. B. Sheridan
0%
Poem1815My Soul Is Dark
0%
Travelogue1824Narrative of Lord Byron's Voyage to Corsica and Sardinia
0%
Poem1807Ode III
0%
Poem1819Ode on Venice
0%
Poem1815Oh! Snatch'd Away in Beauty's Bloom
0%
Poem1815Oh! Weep for Those
0%
Poem1815On Jordan's Banks
0%
Poem1807On Leaving Newstead Abbey
0%
Poem1807On the Death of Mr. Fox
0%
Poem1807Oscar of Alva
0%
Poem1816Parisina
0%
Play1821Sardanapalus
0%
Poem1807Song
0%
Poem1807 | 1819Stanzas
0%
Poem1807Stanzas to a Lady with the Poems of Camoens
0%
Poem1815Sun of the Sleepless
0%
Poem1823The Age of Bronze
0%
Poem1813The Bride of Abydos
0%
Poem1814The Corsair
0%
Poem1807The Death of Colmar and Orla
0%
Poem1824The Deformed Transformed
0%
Poem1816The Dream
0%
Poem1813The Giaour
0%
Poem1815The Harp the Monarch Minstrel Swept
0%
Poem1823The Island
0%
Poem1817The Lament of Tasso
0%
Poem1816The Prisoner of Chillon
0%
Poem1819The Prophecy of Dante
0%
Poem1816The Siege of Corinth
0%
Poem1807The Tear
0%
Play1821The Two Foscari: A Historical Tragedy
0%
Poem1815The Vision of Belshazzar
0%
Poem1821The Vision of Judgment
0%
Poem1815The Wild Gazelle
0%
Poem1815They Say That Hope Is Happiness
0%
Poem1807Thoughts Suggested by a College Examination
0%
Poem1815Thou Whose Spell Can Raise the Dead
0%
Poem1815Thy Days Are Done
0%
Poem1807To -----
0%
Poem1807To E. N. L. Esq.
0%
Poem1807To M.
0%
Poem1807To Marion
0%
Poem1807To Mary, on Receiving Her Picture
0%
Poem1807To M. S. G.
0%
Poem1807To Romance
0%
Poem1807To the Duke of D
0%
Poem1807To the Earl of ---
0%
Poem1807To Woman
0%
Poem1807Translation
0%
Poem1807Translation from Anacreon. To His Lyre
0%
Poem1807Translation from Catullus
0%
Poem1807Translation from the Medea of Euripides
0%
Poem1807Translation of the Epitaph on Virgil and Tibullus
0%
Poem1815Warriors and Chiefs
0%
Poem1815Were My Bosom as False as Thou Deem'st It to Be
0%
Play1822Werner
0%
Poem1815We Sate Down and Wept by the Waters of Babel
0%
Poem1815When Coldness Wraps This Suffering Clay
0%

Score Distribution

Percentile by Number Answered

Percent of People with Each Score

Your Score History

You have not taken this quiz